000
00334 a2200109 4500
001
ART_17865
005
20260410161701.0
008
260409a
245
1
0
_a
Un modelo para la administración de reservas internacionales
100
1
_a
Mantel, Rolf R.
773
0
_t
Ensayos Económicos
_g
- Nº 8 (dic. 1978)
_w
REV620
999
_c
15166
_d
15166